000 00444nam a2200193Ia 4500
005 20240823033236.0
008 240823s9999||||xx |||||||||||||| ||und||
020 _a978-81-7371-406-1
041 _aENGLISH
082 _A515 Q2
100 _aEli S Pine
245 0 _aHow to Enjoy Calculus
250 _a1st
260 _c2012
_bUniversities Press Hydr
500 _aYES
650 _aCalculus
_bGeneral
942 _cBK
999 _c195346
_d195346